Educación preescolar
Uloženo v:
| Hlavní autor: | |
|---|---|
| Další autoři: | |
| Médium: | Kniha |
| Jazyk: | španělština |
| Vydáno: |
Buenos Aires
Ruy Díaz
1968
|
| Edice: | Biblioteca Sicopedagógica
|
| Témata: | |
| Tagy: |
Přidat tag
Žádné tagy, Buďte první, kdo vytvoří štítek k tomuto záznamu!
|
MARC
| LEADER | 00000nam a2200000 a 4500 | ||
|---|---|---|---|
| 001 | UCU0497 | ||
| 003 | CL-VaPUC | ||
| 005 | 20240917113308.0 | ||
| 008 | 960322e19680000AG |||||||||||||||||spa|d | ||
| 999 | |c 245340 |d 245338 | ||
| 040 | |c Pontificia Universidad Católica de Valparaíso | ||
| 082 | 0 | 4 | |a 372.21 |b NAU |2 21 |
| 100 | |a Naud-Ithurbide, J. R. |e autor |9 355701 | ||
| 245 | 1 | 0 | |a Educación preescolar |
| 260 | |a Buenos Aires |b Ruy Díaz |c 1968 | ||
| 300 | |a 173 p | ||
| 490 | 0 | |a Biblioteca Sicopedagógica | |
| 583 | |a last modification |c 20170824 04:22:22 |k Rodrigo Vera | ||
| 650 | 0 | |a Educación preescolar |9 260381 | |
| 650 | 7 | |a EDUCACION FAMILIAR |2 CL-VaPUC |9 309569 | |
| 650 | 7 | |a ROL DE LOS PADRES |2 CL-VaPUC |9 338980 | |
| 650 | 0 | |a Sistemas educacionales |9 324695 | |
| 700 | |a Sáinz-Amor, Concepción |e traducción |9 873228 | ||
| 942 | |c BK |2 ddc | ||
| 945 | |d 19960322 00:00:00 |a lriquelm | ||
| 952 | |0 0 |1 0 |4 0 |6 372_210000000000000_NAU_1968 |7 0 |8 P |9 259812 |a BIBEDU |b BIBEDU |c BIBEDU_PB |d 2019-11-19 |i 163657K |o 372.21 NAU 1968 |p 163657K |r 2024-01-25 |w 2019-11-19 |y BK |k EDU | ||
| 952 | |0 0 |1 0 |4 0 |6 372_210000000000000_NAU_1968 |7 0 |8 P |9 259813 |a BIBEDU |b BIBEDU |c BIBEDU_PB |d 2019-11-19 |i 1636626 |o 372.21 NAU 1968 |p 1636626 |r 2024-01-25 |w 2019-11-19 |y BK |k EDU | ||
| 952 | |0 0 |1 0 |4 0 |6 372_210000000000000_NAU_1968 |7 0 |8 P |9 259814 |a BIBEDU |b BIBEDU |c BIBEDU_PB |d 2019-11-19 |i 2011778 |o 372.21 NAU 1968 |p 2011778 |r 2024-01-25 |w 2019-11-19 |y BK |k EDU | ||